| 000 | 01082nam a2200253 4500 | ||
|---|---|---|---|
| 001 | 2647 | ||
| 090 | _a2647 | ||
| 100 | _a20190723b u||y0fre||u0ba y50 | ||
| 101 | _aeng | ||
| 200 |
_aSecond Class, Working Class _bPériodique _eAn anthology of original documents, analyses and interviews on working women. Articles selected from the international women's press and translated for the first time into English. _fCecilia Brunazzi, Linda Fogel, Norma Fox _gCarole Leita, Sarah Levin, Ines Reider, Merle Shaw, Adelheid Zoefel |
||
| 210 |
_aEtats-Unis _bPeoples Translation Service, 4228 Telegraph Avenue, Oakland, CA 94609 _cPeoples Translation Service |
||
| 606 |
_aFéminisme _9429 |
||
| 606 |
_9428 _aSolidarité internationale |
||
| 607 |
_91006 _aEtats-Unis d'Amérique |
||
| 700 |
_96658 _aBrunazzi _bCecilia |
||
| 701 |
_96659 _aFogel _bLinda |
||
| 701 |
_96660 _aFox _bNorma |
||
| 701 |
_96661 _aLeita _bCarole |
||
| 701 |
_96662 _aLevin _bSarah |
||
| 701 |
_96663 _aRieder _bInes |
||
| 701 |
_96664 _aShaw _bMerle |
||
| 701 |
_96665 _aZoefel _bAdelheid |
||
| 801 |
_aCH _bCH-002049-8 |
||
| 955 | _r1979 : 1 | ||